Loading...
| Literature - European | 0 | 4 | 0 | 1 | 40 | 72 | 104.25 | 2 | 3 | 9.99 | 20.45 |
| Philosophy | 0 | 3 | 0 | 1 | 30 | 70 | 87.33 | 2 | 3 | 6.73 | 15.91 |
| Religion | 0 | 2 | 0 | 0 | 20 | 68 | 76.00 | 2 | 2 | 5.96 | 15.91 |
| Literature - American | 0 | 2 | 0 | 0 | 20 | 74 | 93.00 | 1 | 2 | 6.14 | 15.91 |
| Literature - British | 0 | 2 | 1 | 0 | 15 | 84 | 85.50 | 0 | 2 | 7.75 | 13.64 |
| History - Other | 0 | 1 | 0 | 0 | 10 | 98 | 98.00 | 0 | 1 | 2.24 | 6.82 |
| Fine Arts - Classical Music | 0 | 1 | 0 | 0 | 10 | 105 | 105.00 | 0 | 1 | 1.07 | 6.82 |
| Mythology | 0 | 1 | 0 | 0 | 10 | 72 | 72.00 | 0 | 1 | 3.77 | 6.82 |
| Fine Arts - Other | 0 | 1 | 0 | 1 | 10 | 87 | 87.00 | 0 | 1 | 2.39 | 4.55 |
| Popular Culture | 0 | 1 | 0 | 0 | 10 | 39 | 39.00 | 1 | 1 | 17.61 | 18.75 |
| Science - Physics | 0 | 1 | 0 | 0 | 10 | 68 | 68.00 | 1 | 1 | 3.81 | 9.09 |
| Social Science | 0 | 1 | 1 | 0 | 5 | 90 | 90.00 | 1 | 1 | 2.10 | 9.09 |
| Literature - World | 0 | 0 | 1 | 0 | -5 | 0.00 | 0 | 0 | 0.00 | 0.00 |